| 000 | 00424nam a2200169Ia 4500 | ||
|---|---|---|---|
| 008 | 240729s9999 xx 000 0 und d | ||
| 022 | _a2391-8152 | ||
| 245 | 0 | _aReports on Geodesy and Geoinformatics | |
| 260 | _aPoland | ||
| 260 | _bSciendo | ||
| 650 | _a Astronomy | ||
| 650 | _a Geodesy | ||
| 650 | _aScience | ||
| 856 | _uhttps://doaj.org/toc/50bf02a2cc194c5881aa9116e84f0956 | ||
| 942 | _2ddc | ||
| 942 | _cDOAJEJ | ||
| 999 |
_c72174 _d72174 |
||
| 945 |
_a1 _bMadushi Gamage _c1 _dMadushi Gamage |
||